000 00737nam a2200205Ia 4500
003 GCL
008 140319s9999 xx 000 0 ara d
040 _aGCL /
_cGCL
082 0 4 _a001.5
_bح ب
100 1 _aجلال عبدالفتاح
245 1 0 _aالبث الاذاعى والتلفزيونى المباشر /
_cجلال عبدالفتاح
260 _aالقاهرة :
_bالهيئة المصرية العامة للكتاب ،
_c1994
300 _a2 مج ؛
_c20 سم
490 _aالعلم والحياة
_v46-47
650 0 4 _aالتليفزيون
650 0 4 _aالاذاعة
650 0 4 _aالاتصالات عبر الاقمار الصناعية
650 0 4 _aالارسال والاستقبال
942 _2ddc
_cBK
999 _c28530
_d28530